Entry Konu Terimi
001 - KONTROL NUMARASI
- Kontrol alanı: 6200
003 - KONTROL NUMARASI KİMLİĞİ
- Kontrol alanı: TR-BiSEU
005 - SON İŞLEM TARİHİ VE ZAMANI
- Kontrol alanı: 20260207001303.0
008 - SABİT UZUNLUKTAKİ VERİ ÖGELERİ - GENEL BİLGİ
- Sabit uzunlukta kontrol alanı: 260207|| aca||aabn | a|a d
040 ## - KATALOGLAMA KAYNAĞI
- Özgün kataloglama kurumu: TR-BiSEU
- Çeviri kurumu: TR-BiSEU
150 ## - KONU BAŞLIKLARI - KONU TERİMİ
- Konu terimi: Türkiye--Dış ilişkiler
670 ## - BİLGİNİN KAYNAĞI
- Bilginin alındığı kaynak: KOHA: (TR-BiSEU)2086: Uludağ Üniversitesi Ulusal Genç Bilim Adamları Sempozyumu (2004 : Bursa) 6197, Değişen dünyada Türkiye'nin önemi, 6-7 Mayıs 2004 :
